00445nam a2200157Ia 450000500170000000800410001708200130005810000180007124500210008926000280011030000190013865000100015794200060016795200990017399900150027220250405153308.0240331s9999 xx 000 0 und d bSIVa894 aSivalingam, S 0aNeer valaiyangal aMadrasbTamiliyalc1988 axxiv, 142 p ., aPoems cL 001040708LaWERCLbWERCLcSSCd2024-03-31l0o 894.811 SIVp5782r2024-03-31w2024-03-31yL c4122d4122